000 00472nam a2200181Ia 4500
005 20250423100438.0
008 250422s9999 xx 000 0 und d
020 _a0192628186
050 _aQM 5 .M33/
100 _aMacKinnon, Pamela C.B.
245 0 _aOxford textbook of functional anatomy: thorax and abdomen
260 _aNew York
260 _bOxford University Press
260 _c2005
300 _a224 p
650 _aHuman Anatomiy Anatomy
942 _cBK
999 _c33328
_d33328